| 000 | 00568nam a22001697a 4500 | ||
|---|---|---|---|
| 999 |
_c20317 _d20317 |
||
| 008 | 240522b ||||| |||| 00| 0 eng d | ||
| 020 | _a9712326683 | ||
| 082 |
_aDFil 342.02 _bD37 2001 |
||
| 100 |
_aDe Leon, Hector S. _957211 |
||
| 245 |
_aTextbook on the Philippine constitution / _cHector S. De Leon. |
||
| 250 |
_a1999 edition. _b2001 reprinted. |
||
| 260 |
_aManila : _bRex Book Store, _c©2001. |
||
| 300 |
_axliv, 509 pages : _billustrations ; _c25 cm. |
||
| 650 |
_aConstitutions. _957200 |
||
| 650 |
_aConstitutions _zPhilippines. _957279 |
||
| 942 |
_2ddc _cDFIL |
||